پر ا ثر ا ر بند ے (Record no. 165915)

MARC details
000 -LEADER
fixed length control field 00765nam a22002417a 4500
005 - DATE AND TIME OF LATEST TRANSACTION
control field 20190704171747.0
010 ## - LCCN (DPL NO)
LC control number A-431185
020 ## - INTERNATIONAL STANDARD BOOK NUMBER
International Standard Book Number -
Terms of availability 60.00
035 ## - SYSTEM CONTROL NUMBER
System control number A-431185
037 ## - SOURCE OF ACQUISITION
Source of stock number/acquisition BPPD/Ven.
Stock number dpl
082 ## - DEWEY DECIMAL CLASSIFICATION NUMBER
Classification number 920
Edition number 1989
100 ## - MAIN ENTRY--PERSONAL NAME
Personal name مو لف:پر ا ثر ا ر بند ے
245 ## - TITLE STATEMENT
Title پر ا ثر ا ر بند ے
Statement of responsibility, etc مو لف:عشر ت جا و يد
Medium Urdu
246 ## - VARYING FORM OF TITLE
Title proper/short title Pur Israr Bandey (Urdu)
Remainder of title by Ishrat Javed
250 ## - EDITION STATEMENT
Edition statement 1989
260 ## - PUBLICATION, DISTRIBUTION, ETC. (IMPRINT)
Place of publication, distribution, etc Bijnore(U.P.)
Name of publisher, distributor, etc Maktaba Uqabul Muslemeen
270 ## - ADDRESS
Address Jatta Street Nagina
300 ## - PHYSICAL DESCRIPTION
Extent 336ص
Dimensions 22cm(Hbk)
490 ## - SERIES STATEMENT
Series statement Jaico illustrated classics series
942 ## - ADDED ENTRY ELEMENTS (KOHA)
Source of classification or shelving scheme Dewey Decimal Classification
Item type Urdu Bks
Call number suffix ع ش ر
Classification part 920
Holdings
Withdrawn status Lost status Not for loan Collection code Home library Current library Date acquired Source of acquisition Cost, normal purchase price Full call number Barcode Copy number Cost, replacement price Koha item type
    Ordered Non-fiction Central Library Central Library 04/07/2019 BPPD/Ven. 60.00 920 ع ش ر A-431185 1 60.00 Urdu Bks

© Delhi Public Library
Hit Counter
free hit counter